Histoire de l'Église

Gorde:
Xehetasun bibliografikoak
Egile nagusia: Arquilliére, H.-X (Egilea)
Formatua: Liburua
Hizkuntza:frantsesa
Argitaratua: París Les Editions de L'école 1941
Edizioa:1a. ed
Saila:Manuels D'Histoire de L'Enseignement Secondaire
Gaiak:
Etiketak: Etiketa erantsi
Etiketarik gabe, Izan zaitez lehena erregistro honi etiketa jartzen!

MARC

LEADER 00000cam a2200000 a 4500
001 UCD4971
003 CL-VaPUC
008 160731e19410908fr |||||||||||||||||fre|d
082 0 4 |a 270  |b ARQ  |2 21 
100 |a Arquilliére, H.-X  |e author  |9 588685 
245 1 0 |a Histoire de l'Église 
250 |a 1a. ed 
300 |a 512 p 
942 |c BK 
945 |d 20160731 21:25:00  |a arojas 
260 |a París  |b Les Editions de L'école  |c 1941 
650 0 |a Historia de la iglesia   |9 257565 
650 0 |a Patrología  |9 349346 
650 0 |a Padres de la Iglesia  |9 313352 
583 |a last modification  |c 20160731 21:25:00  |k Rodrigo Vera 
490 0 |a Manuels D'Histoire de L'Enseignement Secondaire 
999 |c 365749  |d 365747 
952 |0 0  |1 0  |3 erd  |4 0  |6 270_000000000000000_ARQ_1941  |7 0  |8 P  |9 479699  |a BIBTEO  |b BIBTES  |c TEO_FTES  |e Villagrán Garnham, Jorge  |i 5317185  |o 270 ARQ 1941  |p 5317185  |r 2024-01-18  |w 2019-11-24  |y BK  |z Catalogado en:20160731  |k ICR